Liberation of Women in India and the Work of the NGO's/ (Record no. 213906)
[ view plain ]
| 000 -LEADER | |
|---|---|
| fixed length control field | 00646nam a22001937a 4500 |
| 005 - DATE AND TIME OF LATEST TRANSACTION | |
| control field | 20251209164936.0 |
| 010 ## - LCCN (DPL NO) | |
| LC control number | ENG-147259 |
| 020 ## - INTERNATIONAL STANDARD BOOK NUMBER | |
| Terms of availability | 895.00 |
| International Standard Book Number | 9789381406007 |
| 035 ## - SYSTEM CONTROL NUMBER | |
| System control number | EN-130791 |
| 037 ## - SOURCE OF ACQUISITION | |
| Source of stock number/acquisition | DBAD |
| 082 ## - DEWEY DECIMAL CLASSIFICATION NUMBER | |
| Classification number | 305.56 |
| Edition number | 1 |
| 100 ## - MAIN ENTRY--PERSONAL NAME | |
| Personal name | Desai, Tripta |
| 245 ## - TITLE STATEMENT | |
| Title | Liberation of Women in India and the Work of the NGO's/ |
| Statement of responsibility, etc | Tripta Desai |
| 250 ## - EDITION STATEMENT | |
| Edition statement | 1 |
| 260 ## - PUBLICATION, DISTRIBUTION, ETC. (IMPRINT) | |
| Place of publication, distribution, etc | New Delhi |
| Name of publisher, distributor, etc | Dev Publishers & Distributors |
| Date of publication, distribution, etc | 2012 |
| 270 ## - ADDRESS | |
| City | New Delhi |
| Postal code | 110002 |
| Telephone number | 011-43572647 |
| -- | 9810236140 |
| Electronic mail address | devbooks@hotmail.com |
| Address | 2nd Floor, Prakasha Deep, 4735/, Ansari Road |
| 300 ## - PHYSICAL DESCRIPTION | |
| Extent | 304p. |
| Dimensions | 22cm(hb) |
| 942 ## - ADDED ENTRY ELEMENTS (KOHA) | |
| Source of classification or shelving scheme | Dewey Decimal Classification |
| Item type | English Books |
| Classification part | 305.56 |
| Call number suffix | DES |
| Withdrawn status | Lost status | Not for loan | Collection code | Home library | Current library | Date acquired | Source of acquisition | Cost, normal purchase price | Full call number | Barcode | Copy number | Cost, replacement price | Koha item type |
|---|---|---|---|---|---|---|---|---|---|---|---|---|---|
| Not For Loan | Non-fiction | D.B.Act.Division | D.B.Act.Division | 09/12/2025 | Delivery of Books Act Division | 895.00 | 305.56 DES | EN-130791 | 1 | 895.00 | English Books |
